Alaha yé sudan (Record no. 64533)
[ view plain ]
| 000 -LEADER | |
|---|---|
| fixed length control field | 00394nam a2200133 4500 |
| 082 0# - DEWEY DECIMAL CLASSIFICATION NUMBER | |
| Classification number | 307.14 |
| 100 1# - MAIN ENTRY--PERSONAL NAME | |
| Personal name | Avajani, Fajak; Marinya, Acen & Algattib, Cimbir |
| 242 00 - TRANSLATION OF TITLE BY CATALOGING AGENCY | |
| Title | Agriculture |
| 245 10 - TITLE STATEMENT | |
| Title | Alaha yé sudan |
| Statement of responsibility, etc | Fajak Avajani; Acen Marinya & Cimbir Algattib |
| 260 ## - PUBLICATION, DISTRIBUTION, ETC. (IMPRINT) | |
| Place of publication, distribution, etc | Khartoum |
| Date of publication, distribution, etc | c.2006 |
| 300 ## - PHYSICAL DESCRIPTION | |
| Extent | 36 p. |
| 700 1# - ADDED ENTRY--PERSONAL NAME | |
| Personal name | Avajani, Fajak; Marinya, Acen & Algattib, Cimbir |
| 942 ## - ADDED ENTRY ELEMENTS (KOHA) | |
| Source of classification or shelving scheme | |
| Koha item type | Books |
No items available.
